Sports Quiz

Random Sports Quiz

Final Fours 1989-09 Quiz Stats

 Plays Quiz not verified by Sporcle

Score 0/84 Timer 07:00
0 Plays Today
Year School % Correct
1989Duke
99.3%
1990Duke
99.3%
1991Duke
99.3%
1991North Carolina
99.3%
1992Duke
99.3%
1993North Carolina
99.3%
1994Duke
99.3%
1995North Carolina
99.3%
1997North Carolina
99.3%
1998North Carolina
99.3%
1999Duke
99.3%
2000North Carolina
99.3%
2001Duke
99.3%
2004Duke
99.3%
2005North Carolina
99.3%
2008North Carolina
99.3%
2009North Carolina
99.3%
1989Michigan
98.6%
1992Michigan
98.6%
1993Michigan
98.6%
1994Florida
97.5%
2000Florida
97.5%
2006Florida
97.5%
2007Florida
97.5%
1999Michigan State
97.1%
2000Michigan State
97.1%
2001Michigan State
97.1%
2005Michigan State
97.1%
Year School % Correct
2009Michigan State
97.1%
1995UCLA
96.8%
2006UCLA
96.8%
2007UCLA
96.8%
2008UCLA
96.8%
1991Kansas
96.6%
1993Kansas
96.6%
2002Kansas
96.6%
2003Kansas
96.6%
2008Kansas
96.6%
1993Kentucky
95.5%
1996Kentucky
95.5%
1997Kentucky
95.5%
1998Kentucky
95.5%
1999Ohio State
95%
2003Texas
95%
2007Ohio State
95%
1996Syracuse
93.9%
2003Syracuse
93.9%
1994Arizona
91.6%
1997Arizona
91.6%
2001Arizona
91.6%
2002Oklahoma
91%
1992Indiana
90.5%
2002Indiana
90.5%
1999Connecticut
90.3%
2004Connecticut
90.3%
2009Connecticut
90.3%
Year School % Correct
1989Illinois
89.6%
2005Illinois
89.6%
2008Memphis
88.5%
2006George Mason
87.4%
2009Villanova
86.9%
1990Georgia Tech
86.7%
2004Georgia Tech
86.7%
2007Georgetown
86.2%
2006LSU
85.1%
2001Maryland
84.7%
2002Maryland
84.7%
1995Oklahoma State
84.2%
2004Oklahoma State
84.2%
2000Wisconsin
81.3%
1990UNLV
80.6%
1991UNLV
80.6%
2005Louisville
79.7%
1990Arkansas
79.2%
1994Arkansas
79.2%
1995Arkansas
79.2%
1998Utah
77.7%
1998Stanford
75.6%
1997Minnesota
72.7%
2003Marquette
69.8%
1996Mississippi State
64.3%
1989Seton Hall
59.1%
1992Cincinnati
57.6%
1996Massachusetts
57.6%

You're not logged in!

Compare scores with friends on all Sporcle quizzes.
OR
Log In

Sporcle TV

Today on Sporcle TV


Watch our educational content, quiz creation guides, and fun videos on Sporcle TV.

Show Comments

Extras

Top Quizzes Today


Score Distribution

Your Account Isn't Verified!

In order to create a playlist on Sporcle, you need to verify the email address you used during registration. Go to your Sporcle Settings to finish the process.

Report this User

Report this user for behavior that violates our Community Guidelines.

Details: